000 01309nac a22002411u 4500
090 _c6607
008 081124t 2004xxu||||| |||| 00| 0 eng d
010 _a 2003023853
020 _a0793183022 (pbk.)
082 0 0 _a650.14
_bGRE
100 _aGreene, Brenda.
245 1 0 _aGet the interview every time :
_bFortune 500 hiring professionals' tips for writing winning resumes and cover letters/
_cBrenda Greene.
260 _aChicago, IL :
_bDearborn Trade Publishing,
_c2004.
300 _axiv, 219 p. ;
_bill. :
_c28 cm.
500 _aIncludes bibliographical references (p. 211-213) and index.
504 _aIncludes bibliographical references (p. 211-213) and index.
505 0 _aFortune 500 results -- Have you done your research? -- ReÌ?sumeÌ? format and design -- Writing that works -- Cover letters -- Electronic submissions -- Networking -- The interview -- Getting a job without a reÌ?sumeÌ? -- Three fortune 500 hiring professionals critique one reÌŒsumeÌŒ -- Sample reÌ?sumeÌ?s.
650 0 _aJob hunting.
650 0 _aEmployment interviewing.
856 4 1 _3Table of contents
_uhttp://www.loc.gov/catdir/toc/ecip0410/2003023853.html
856 4 1 _3Publisher description
_uhttp://www.loc.gov/catdir/enhancements/fy0659/2003023853-d.html
942 _cBB
_k650.14GRE
_2ddc
999 _c6607
_d6607